000 00594nam a2200169Ia 4500
003 LK-CoDNM
008 010623t xxu||||| |||| 00| 1 eng d
040 _aLK-CoDNM
_dLK-CoDNM
_eLK-CoDNM
041 _aeng
_asin
100 _aYapa,Munidasa Senarath.
245 _aගොඩගේ සදර්ථවාහිනී ඉංග්‍රීසි සිංහල ශබ්ද කෝෂය
246 _aGodage Sadartha Vahini English Sinhala Shabda Kooshaya
260 _bS.Godage
_aColombo
300 _b1455p., 22 100: 955-20-4903-2 cm
650 _aSinhala - English Dictionary
942 _cBK
999 _c138091
_d138091